Sports Quiz

Random Sports or Numbers Quiz

NBA 80's All-Stars Quiz Stats

 Plays Quiz not verified by Sporcle

Also try: WCC
Challenge
Share
Tweet
Embed
Score 0/81 Timer 10:00
1 Play Today
Team(s) Player % Correct
SEA, PHO, BOSDennis Johnson
98.6%
MIL, LACMarques Johnson
98.1%
ATLEddie Johnson
97.9%
BOSLarry Bird
97.1%
LALMagic Johnson
97%
LALKareem Abdul-Jabbar
96.5%
HOU, PHI, WAS, ATLMoses Malone
96.5%
DETIsiah Thomas
95.9%
UTAHKarl Malone
95.2%
WASJeff Malone
94.7%
BOSKevin McHale
92%
PHIJulius Erving
91%
BOSRobert Parish
89.4%
HOUHakeem Olajuwon
89.1%
ATLDominique Wilkins
85%
PHICharles Barkley
84.7%
UTAHJohn Stockton
84.6%
LALJames Worthy
84.4%
NYPatrick Ewing
81.8%
PORTClyde Drexler
81.4%
CHIMichael Jordan
81.1%
SAGeorge Gervin
80%
DENAlex English
78.8%
PHOTruck Robinson
73.6%
DETBill Laimbeer
73.4%
UtahAdrian Dantley
69.3%
GS, NYBernard King
68.1%
Team(s) Player % Correct
SEA, PHOTom Chambers
65.5%
PHIMaurice Cheeks
63.1%
NJBuck Williams
62.6%
SEAGus Williams
62.6%
HOURalph Sampson
61.7%
CLEMark Price
60.6%
PHIBobby Jones
59.8%
BOSDanny Ainge
59.7%
GSChris Mullin
58.1%
DALMark Aguirre
55.8%
MILSidney Moncrief
55.7%
BOSTiny Archibald
54.9%
CLEBrad Daugherty
54.4%
SEAJack Sikma
54.2%
NYMark Jackson
53.2%
PHO, CLELarry Nance
50.2%
UTAHMark Eaton
50.1%
SAAlvin Robertson
49.8%
NY, NJMichael Ray Richardson
49.7%
DALRolando Blackman
47.4%
PHOWalter Davis
46.4%
SEADavid Thompson
46.2%
CHI, SAArtis Gilmore
45.3%
MILTerry Cummings
41.4%
SEADale Ellis
40.4%
UTAHRickey Green
39.8%
DENKiki Vandeweghe
39.3%
Team(s) Player % Correct
PHIAndrew Toney
38.3%
ATLDoc Rivers
37.2%
WASElvin Hayes
37.1%
DENLafayette Lever
36.6%
SDLloyd Free
36.3%
LAL, LACNorm Nixon
34.7%
NYBill Cartwright
33%
PORTKevin Duckworth
33%
LALJamaal Wilkes
32.8%
CHIReggie Theus
32.7%
DETKelly Tripucka
28.5%
PHOMaurice Lucas
26.5%
SEAXavier McDaniel
26.5%
GSJoe Barry Carroll
26%
PHO, SEAPaul Westphal
25.9%
MILBob Lanier
25.9%
PORTJim Paxson
23.8%
GSSleepy Floyd
21.8%
KC, NJOtis Birdsong
20.1%
CLEMike Mitchell
15%
DALJames Donaldson
15%
ATLDan Roundfield
14.7%
ATLJohn Drew
14.3%
WASJeff Ruland
12%
DENCalvin Natt
8.9%
PORTKermit Washington
8%
SEALonnie Shelton
4.4%

You're not logged in!

Compare scores with friends on all Sporcle quizzes.
Join for Free
OR
Log In

You Might Also Like...

Show Comments

Extras

Top Quizzes Today


Score Distribution

Your Account Isn't Verified!

In order to create a playlist on Sporcle, you need to verify the email address you used during registration. Go to your Sporcle Settings to finish the process.

Report this User

Report this user for behavior that violates our Community Guidelines.

Details: